00648 2200241 4500001002100000005001500021035002000036245004000056100003000096250001000126300002100136700002200157264002600179336002100205337003000226338001800256082001500274084002100289020002200310650002000332008004100352990001300393INLIS00000000000237520250811012237 a0010-08250001051 aSayap sayap kecil /cAndry Setiawan0 aAndry SetiawanePengarang aCet.1 a124 hal ;c19 cm0 aYookiePenyunting aDepok :bInari,c2015 2rdacontentaTeks 2rdamediaaTanpa Perantara 2rdacarriera- a899. 221 3 a899. 221 3 AND s a978-602-71505-2-2 4aFiksi Indonesia250811 1 ind  a25000583